Statistiken für Mathematik: Einstellige Zahlen substrahieren

Klicken Sie hier um das Quiz zu spielen!

Allgemein

  • Dieses Quiz wurde 330 mal gespielt
  • Das Durchschnittsergebnis liegt bei 38 aus 40

Antwortstatistiken

HintAntwort% Korrekt
8-80
98%
4-04
98%
0-00
97%
6-51
97%
8-71
97%
7-61
97%
2-02
97%
8-62
97%
5-32
97%
6-33
97%
8-44
97%
5-14
97%
7-25
97%
6-15
97%
9-36
97%
8-08
97%
9-09
97%
9-90
96%
4-31
96%
7-52
96%
7-43
96%
9-45
96%
9-18
96%
6-60
95%
1-10
95%
2-20
95%
5-50
95%
5-41
95%
3-12
95%
9-72
95%
9-63
95%
8-53
95%
4-13
95%
9-54
95%
5-05
95%
7-07
95%
9-27
95%
8-17
95%
7-70
94%
4-40
94%
9-81
94%
6-42
94%
6-06
94%
8-26
94%
7-16
94%
3-30
93%
2-11
93%
3-21
93%
4-22
93%
3-03
93%
7-34
93%
8-35
93%
1-01
91%
6-24
91%
5-23
90%

Verteilung der Resultate

Perzentil nach korrekt beantworteten Fragen

Anzahl Personen mit jedem Resultat

Ihre Resultats-Entwicklung

Sie haben dieses Quiz noch nicht gespielt